000 00610nam a2200181Ia 4500
001 11733
003 GE_BSU
008 181216s||||||||xx |||||||||||||| ||und||
040 _cGE_BSU
245 _aარილი. №2 აპრილი 2014
245 _bსაზოგადოებრივ–ლიტერატურული ჟურნალი
245 _cრედ. მალხაზ ხარბედია.შადიმან შამანაძე
260 _aთბილისი
260 _c2014
300 _a80გვ.30სმ.
653 _aარილი
942 _cCR
999 _c44913
_d44913